00741nam a2200205Ia 4500008004100000020001800041082002100059100002000080245010300100260004100203300000800244650003000252650003300282700002100315700001900336700001700355942001200372999001700384952013400401140316s9999 xx 000 0 und d a9780195696530 a616.0795bHAR/CL aHardin ,Charles aCloning, Gene Expression, and protein purification : Experimental proceedures and proces rationale aDelhibOxford University Pressc2011 a385 aNucleic Acids and Cloning aThe Polymeras Chain Reaction aPinczes,Jennifer aPresutti,David aRiell,Andrew 2ddccBK c11953d11953 00102ddc4070aKAUCLVbKAUCLVcGENERALd2014-03-18l1o616.0795 HAR/CLp221020r2022-01-12 00:00:00s2022-01-12w2014-03-18yBK